Nineteen eighty-four (Record no. 3911)

000 -LEADER
fixed length control field 00940pam a2200301 a 4500
001 - CONTROL NUMBER
control field 4274432
003 - CONTROL NUMBER IDENTIFIER
control field Nust
005 - DATE AND TIME OF LATEST TRANSACTION
control field 20170105101615.0
008 - FIXED-LENGTH DATA ELEMENTS--GENERAL INFORMATION
fixed length control field 841101s1985 dcu b f100 0 eng
010 ## - LIBRARY OF CONGRESS CONTROL NUMBER
LC control number 84600333
020 ## - INTERNATIONAL STANDARD BOOK NUMBER
International Standard Book Number 978-1840462548
040 ## - CATALOGING SOURCE
Original cataloging agency DLC
Transcribing agency DLC
Modifying agency DLC
050 00 - LIBRARY OF CONGRESS CALL NUMBER
Classification number PR6029.R8
Item number N5335 1985
051 ## - LIBRARY OF CONGRESS COPY, ISSUE, OFFPRINT STATEMENT
Classification number Z663.293
Item number .G46 1985
Copy information Copy 3.
082 00 - DEWEY DECIMAL CLASSIFICATION NUMBER
Classification number 823.912
Edition number 19
Author Mark ORW
086 0# - GOVERNMENT DOCUMENT CLASSIFICATION NUMBER
Classification number LC 1.2:Or9
100 ## - MAIN ENTRY--PERSONAL NAME
Personal name George Orwell
245 00 - TITLE STATEMENT
Title Nineteen eighty-four
Statement of responsibility, etc. George Orwell
260 ## - PUBLICATION, DISTRIBUTION, ETC.
Place of publication, distribution, etc. New York :
Name of publisher, distributor, etc. Penguin :
Date of publication, distribution, etc. 1985.
300 ## - PHYSICAL DESCRIPTION
Extent ix, 350 p. ;
Dimensions 23 cm.
504 ## - BIBLIOGRAPHY, ETC. NOTE
Bibliography, etc. note Bibliography: p. 123-150.
600 10 - SUBJECT ADDED ENTRY--PERSONAL NAME
Personal name Orwell, George,
Dates associated with a name 1903-1950.
Title of a work Nineteen eighty-four
General subdivision Congresses.
650 #0 - SUBJECT ADDED ENTRY--TOPICAL TERM
Topical term or geographic name entry element Dystopias in literature
710 2# - ADDED ENTRY--CORPORATE NAME
Corporate name or jurisdiction name as entry element Gertrude Clarke Whittall Poetry and Literature Fund.
740 0# - ADDED ENTRY--UNCONTROLLED RELATED/ANALYTICAL TITLE
Uncontrolled related/analytical title George Orwell and Nineteen eighty-four.
906 ## - LOCAL DATA ELEMENT F, LDF (RLIN)
a 7
b cbc
c orignew
d 1
e ncip
f 19
g y-gencatlg
942 ## - ADDED ENTRY ELEMENTS (KOHA)
Source of classification or shelving scheme
Koha item type Book
Holdings
Withdrawn status Lost status Source of classification or shelving scheme Damaged status Not for loan Collection code Permanent Location Current Location Shelving location Date acquired Source of acquisition Total Checkouts Total Renewals Full call number Barcode Checked out Date last seen Date last checked out Copy number Price effective from Koha item type
            Central Library (CL) Central Library (CL) Fiction 11/24/2016 Purchased 16 13 823.912 ORW CL2431 08/20/2025 07/21/2025 07/21/2025 1 11/24/2016 Book
© 2023 Central Library, National University of Sciences and Technology. All Rights Reserved.